Catálogo público

Hacia un manejo integrado de plagas : (Record no. 198760)

MARC details
000 -CABECERA
campo de control de longitud fija 00836nam a2200289Ia 4500
001 - NÚMERO DE CONTROL
campo de control Para_2175
003 - IDENTIFICADOR DEL NÚMERO DE CONTROL
campo de control CHAP
008 - DATOS DE LONGITUD FIJA--INFORMACIÓN GENERAL
campo de control de longitud fija 220125s1998 xx 000 0 und d
010 ## - NÚMERO DE CONTROL DE LA BIBLIOTECA DEL CONGRESO
Número de control de LC 198760
040 ## - FUENTE DE LA CATALOGACIÓN
Centro/agencia transcriptor CHAP
082 ## - NÚMERO DE LA CLASIFICACIÓN DECIMAL DEWEY
Número de clasificación PA 633.5 L8
100 ## - ENTRADA PRINCIPAL--NOMBRE DE PERSONA
Nombre de persona Luna Hernandez, Gregorio
9 (RLIN) 69063
245 ## - MENCIÓN DE TÍTULO
Título Hacia un manejo integrado de plagas :
Resto del título Fundamentos y recomendaciones prácticas :
-- Agave tequilana /
Mención de responsabilidad, etc. por Gregorio Luna Hernández
250 ## - MENCIÓN DE EDICIÓN
Mención de edición 1
260 ## - PUBLICACIÓN, DISTRIBUCIÓN, ETC.
Lugar de publicación, distribución, etc. Guadalajara, Jal. :
Nombre del editor, distribuidor, etc. Cheminova
300 ## - DESCRIPCIÓN FÍSICA
Extensión 184 p.
650 ## - PUNTO DE ACCESO ADICIONAL DE MATERIA--TÉRMINO DE MATERIA
Término de materia o nombre geográfico como elemento de entrada Agave
Subdivisión general enfermedades
9 (RLIN) 1075
650 ## - PUNTO DE ACCESO ADICIONAL DE MATERIA--TÉRMINO DE MATERIA
Término de materia o nombre geográfico como elemento de entrada Agave
Subdivisión general plagas
9 (RLIN) 1086
650 ## - PUNTO DE ACCESO ADICIONAL DE MATERIA--TÉRMINO DE MATERIA
Término de materia o nombre geográfico como elemento de entrada Agave tequilana
9 (RLIN) 1107
901 ## - ELEMENTOS DE DATOS A LOCAL LDA (RLIN)
a PA 633.5 L8
902 ## - ELEMENTOS DE DATOS B LOCAL, LDB (RLIN)
a M
905 ## - ELEMENTOS DE DATOS E LOCAL, LDE (RLIN)
a 0000001998 a 0000000000 00
910 ## - DATOS DE OPCIÓN DEL USUARIO (OCLC)
Datos de opción del usuario 1998
942 ## - ELEMENTOS DE PUNTO DE ACCESO ADICIONAL (KOHA)
Tipo de ítem Koha Parasitologia_
942 ## - ELEMENTOS DE PUNTO DE ACCESO ADICIONAL (KOHA)
Tipo de ítem Koha Parasitologia_
-- 1
Holdings
Estado de retiro Estado de pérdida Fuente del sistema de clasificación o colocación Estado dañado No para préstamo Código de colección Localización permanente Ubicación/localización actual Fecha de adquisición Número de inventario Total de préstamos Signatura topográfica completa Código de barras Fecha visto por última vez Número de copia Precio válido a partir de Tipo de ítem Koha Nota pública
    Dewey Decimal Classification     General Parasitologia Agricola Parasitologia Agricola 27/10/2005 (PA_5698) (No. UACh C/E)   PA 633.5 L8 4102003259 25/01/2022 Ej.6 25/01/2022 Libro 3
    Dewey Decimal Classification     General Parasitologia Agricola Parasitologia Agricola 27/10/2005 (PA_7866) (No. UACh C/E)   PA 633.5 L8 4102003254 25/01/2022 Ej.1 25/01/2022 Libro 3
    Dewey Decimal Classification     General Parasitologia Agricola Parasitologia Agricola 27/10/2005 (PA_5215) (No. UACh C/E)   PA 633.5 L8 4102003255 25/01/2022 Ej.2 25/01/2022 Libro 3
    Dewey Decimal Classification     General Parasitologia Agricola Parasitologia Agricola 27/10/2005 (PA_5214) (No. UACh C/E)   PA 633.5 L8 4102003256 25/01/2022 Ej.3 25/01/2022 Libro 3
    Dewey Decimal Classification     General Parasitologia Agricola Parasitologia Agricola 27/10/2005 (PA_4399) (No. UACh C/E)   PA 633.5 L8 4102003257 25/01/2022 Ej.4 25/01/2022 Libro 3
    Dewey Decimal Classification     General Parasitologia Agricola Parasitologia Agricola 27/10/2005 (PA_7410) (No. UACh C/E)   PA 633.5 L8 4102003258 25/01/2022 Ej.5 25/01/2022 Libro 3